000 00267nam a22001217a 4500
008 170814b xxu||||| |||| 00| 0 eng d
041 _aeng
080 _a51
100 _a36
101 _aMAT
245 _aTECHNICAL SHOP MATHEMATICS
_cANDERSON,J.G
942 _2udc
_cBK
999 _c23430
_d23430